00220nam a2200085Ia 4500001000800000005001700008008004100025245004700066260002100113119679920250827021813.0250824s9999 xx 000 0 und d 0aBEN HEP KAYBETTİMcMEHMET ALİ KILINÇ bDESTEK YAYINLARI